000 01530nam a2200337 a 4500
001
003
005 20210804081507.0
008 100812s2020 dr 000 spa d
020 _a9789945613414 (v. 1)
020 _a9789945613407 (v. 2)
020 _a9789945613056 (v. 3)
020 _a9789945613766 (v. 5)
040 _aBPMSU
_bspa
_cBPMSU
082 4 _a027.729384
_bD637a 2020
_222
245 0 0 _aDocumentos del Archivo Real del Seibo /
_ccompiladoras Perla T. Reyes Díaz, Rocío I. Devers Liriano
260 _aSanto Domingo,
_bArchivo General de la Nación ;
_c2020.
300 _av.
_c28 cm.
490 0 _aArchivo General de la Nación,
_v408
500 _aIncluye datos biográficos de las compiladoras en la solapa de la cubierta
500 _aLa biblioteca posee el v. 5
505 1 _gv. 1 :
_tReales cédulas, provisiones de la real audiencia, bandos de gobernadores, actas capitulares y protocolos notariales: censos y capellanías --
_gv. 2 :
_tProtocolos notariales: dotes y esponsales, esclavos y cartas de libertad --
_gv. 3 :
_tTestamentos y testamentarías I --
_gv. 4 :
_tTestamentos y testamentarías II --
_gv. 5 :
_tTierras.
590 _aInventariado, 2021/VM
650 4 _aArchivos
_zEl Seibo ( República Dominicana )
_xHistoria
650 4 _aArchivos
_xHistoria
_vManuscritos.
651 4 _aEl Seibo (República Dominicana)
_xHistoria
_vFuentes
700 1 2 _aReyes Díaz, Perla T.
_d1987-
_ecomp.
700 1 2 _aDevers Liriano, Rocío I.
_d1983-
_ecomp.
910 _aVmateo V.
942 _2ddc
_cBK
999 _c13614
_d13614